Tales of Arcadia - Statistics

General Stats
  • This quiz has been taken 59 times
  • The average score is 14 of 27
Answer Stats
Hint Answer % Correct
1 Main character of Trollhunters Jim
100%
4 1's trainer and the leader of the trolls (as of season 3) Blinky
93%
3 1's girlfriend Claire
93%
2 1's best friend Toby
93%
12 8's boyfriend Steve
71%
8 Akiridion-5's new queen Aja
64%
20 Evil Troll and 1's arch nemesis Gunmar
64%
9 8's little brother Krel
64%
13 12's best friend Eli
57%
18 Evil princess turned good Morgana
57%
22 18's champion Angor Rot
50%
19 Ancient king and 18's brother Arthur
50%
21 20's son Bular
50%
7 3 and 6's best friend Mary
50%
17 15's master Merlin
50%
10 8 and 9's guardian Varvatos
50%
23 Barbra's love interest Walter
50%
24 3's changling brother Notenrique
43%
5 4's best friend Aaarrrgghh!!!
36%
6 2's girlfriend and best friend of 3 Darci
36%
27 Plant wizard Nari
36%
14 8, 9, and 10's Durian friend Stuart
36%
26 Fire wizard Bellroc
29%
25 Ice wizard Skrael
29%
11 Akiridion warrior Zadra
21%
15 Merlin's wizard apprentice Hisirdoux
14%
16 15's love interest Zoe
14%
No matching quizzes found
Score Distribution
Percent of People with Each Score
Percentile by Number Answered
Your Score History
You have not taken this quiz